[Event "FIN-chT 1819"]
[Site "Finland"]
[Date "2018.12.08"]
[Round "5.2"]
[White "Koykka, Pekka"]
[Black "Lehtioksa, Jorma"]
[Result "1-0"]
[WhiteElo "2389"]
[BlackElo "2199"]
[PlyCount "111"]
[EventDate "2018.09.15"]
[EventType "team-tourn"]
[EventRounds "11"]
[EventCountry "FIN"]
[SourceTitle "CBM 187 Extra"]
[Source "ChessBase"]
[SourceDate "2018.11.04"]
[SourceVersion "1"]
[SourceVersionDate "2018.11.04"]
[SourceQuality "1"]
[WhiteTeam "Tampere Tammer"]
[BlackTeam "Helsinki KS 58"]
[WhiteTeamCountry "FIN"]
[BlackTeamCountry "FIN"]

1. b3 c5 2. Bb2 Nc6 3. Nf3 Nf6 4. g3 e6 5. Bg2 Be7 6. 0-0 0-0 7. c4 d5 8. cxd5 Nxd5 9. d4 cxd4 10. Nxd4 Bd7 11. Nd2 Nxd4 12. Bxd4 Bc6 13. Nc4 Nb4 14. Bc3 Bxg2 15. Kxg2 Nc6 16. Rc1 Qxd1 17. Rfxd1 Rfd8 18. Na5 Nxa5 19. Bxa5 b6 20. Rxd8+ Bxd8 21. Bb4 b5 22. Rc6 a6 23. e4 Bf6 24. f4 Bd4 25. e5 g5 26. Kf3 gxf4 27. gxf4 a5 28. Be7 h5 29. Ke4 Bg1 30. Rc3 Bf2 31. Rh3 Kg7 32. Rxh5 Kg6 33. Rg5+ Kh6 34. Rg2 Bb6 35. Rg3 Ra7 36. Rh3+ Kg6 37. Rg3+ Kh6 38. Bf8+ Kh7 39. Bd6 Rd7 40. f5 exf5+ 41. Kxf5 Bd8 42. Rh3+ Kg8 43. Rc3 Kg7 44. Rc6 Ra7 45. Ke4 b4 46. Rc8 Bh4 47. Kf5 Ra6 48. Rc7 Kg8 49. Rc4 Be1 50. Rc8+ Kh7 51. Be7 Rg6 52. Bf6 Rg8 53. Rxg8 Kxg8 54. Bd8 Bf2 55. Bxa5 Bc5 56. Bc7 1-0

[Event "EU-ch blitz"]
[Site "Katowice"]
[Date "2017.12.15"]
[Round "21"]
[White "Lehtioksa, Jorma"]
[Black "Reza, Wojciech"]
[Result "1/2-1/2"]
[WhiteElo "2173"]
[BlackElo "2283"]
[PlyCount "110"]
[EventDate "2017.12.15"]
[EventType "swiss (blitz)"]
[EventRounds "22"]
[EventCountry "POL"]
[SourceTitle "CBM 182 Extra"]
[Source "ChessBase"]
[SourceDate "2018.02.23"]
[SourceVersion "1"]
[SourceVersionDate "2018.02.23"]
[SourceQuality "1"]

1. e4 c5 2. Nf3 e6 3. d4 cxd4 4. Nxd4 Nc6 5. Nc3 Qc7 6. g3 Nf6 7. Bg2 Nxd4 8. Qxd4 Bc5 9. Bf4 d6 10. Qd2 a6 11. 0-0-0 Ng4 12. Bxd6 Bxd6 13. Qxd6 Qxd6 14. Rxd6 Nxf2 15. Rf1 Ng4 16. h3 Ne5 17. Na4 Bd7 18. Nc5 Bc6 19. Nd3 Nxd3+ 20. cxd3 Ke7 21. Rd4 Rhd8 22. Rxd8 Rxd8 23. Kd2 e5 24. Ke3 f6 25. Rd1 Rd4 26. Rc1 Kd6 27. Bf3 h6 28. h4 Bb5 29. Be2 Bc6 30. Bf3 Kc7 31. Be2 Kb6 32. g4 Rd6 33. Rg1 Kc7 34. g5 hxg5 35. hxg5 Kb6 36. gxf6 gxf6 37. Rg6 Kc5 38. Rh6 a5 39. a3 Kb5 40. Bd1 Kc5 41. Bb3 Kb6 42. Bc4 Kc5 43. Bb3 a4 44. Bd1 Bb5 45. Be2 Bc6 46. Rh1 Kb6 47. Rc1 Kc7 48. Rf1 Kd7 49. Rf2 Ke7 50. Rf1 Bd7 51. Rh1 Rb6 52. Rb1 Be6 53. Bd1 Ba2 54. Ra1 Rxb2 55. Bxa4 Be6 1/2-1/2

[Event "FIN-chT1A 1516"]
[Site "Finland"]
[Date "2015.09.12"]
[Round "1.2"]
[White "Kilpela, Panu"]
[Black "Lehtioksa, Jorma"]
[Result "1/2-1/2"]
[WhiteElo "2143"]
[BlackElo "2180"]
[PlyCount "110"]
[EventDate "2015.09.12"]
[EventType "team-tourn"]
[EventRounds "8"]
[EventCountry "FIN"]
[SourceTitle "EXT 2017"]
[Source "ChessBase"]
[SourceDate "2016.10.25"]
[SourceVersion "1"]
[SourceVersionDate "2016.10.25"]
[SourceQuality "1"]
[WhiteTeam "Helsinki I-HSK"]
[BlackTeam "Helsinki KS 58"]
[WhiteTeamCountry "FIN"]
[BlackTeamCountry "FIN"]

1. e4 c5 2. Nf3 Nc6 3. Bb5 d6 4. Bxc6+ bxc6 5. d3 g6 6. Nc3 Bg7 7. Bd2 Nf6 8. h3 0-0 9. Qc1 Re8 10. Bh6 Bh8 11. h4 Rb8 12. h5 Qa5 13. hxg6 fxg6 14. Bd2 Qc7 15. Rb1 e5 16. Na4 c4 17. dxc4 Nxe4 18. b3 Qf7 19. Nc3 Qf5 20. Nxe4 Qxe4+ 21. Kf1 h5 22. Bc3 Bg7 23. Qd2 Bf5 24. Ne1 Be6 25. f3 Bxc4+ 26. Kf2 Qd5 27. Rd1 Qxd2+ 28. Bxd2 Bf7 29. Be3 d5 30. c3 a5 31. Rh4 e4 32. fxe4 dxe4 33. Bd4 Bf8 34. Rd2 g5 35. Rh1 g4 36. Nc2 c5 37. Bf6 a4 38. bxa4 Ra8 39. Ne3 Rxa4 40. g3 Re6 41. Bg5 Rea6 42. Ra1 Rxa2 43. Raxa2 Rxa2 44. Rxa2 Bxa2 45. Ng2 Bg7 46. Be3 Bxc3 47. Bxc5 Be5 48. Be3 Bf7 49. Nf4 Kh7 50. Bd2 Bd4+ 51. Be3 Bf6 52. Ng2 Be5 53. Nf4 Bf6 54. Ng2 Be5 55. Nf4 Bf6 1/2-1/2

[Event "FIN-chT1 East 1213"]
[Site "Finland"]
[Date "2013.03.09"]
[Round "7.5"]
[White "Kahri, Antti"]
[Black "Lehtioksa, Jorma"]
[Result "1-0"]
[WhiteElo "2033"]
[BlackElo "2179"]
[PlyCount "25"]
[EventDate "2012.09.29"]
[EventType "team-tourn"]
[EventRounds "7"]
[EventCountry "FIN"]
[SourceTitle "EXT 2019"]
[Source "ChessBase"]
[SourceDate "2018.10.10"]
[SourceVersion "1"]
[SourceVersionDate "2018.10.10"]
[SourceQuality "1"]
[WhiteTeam "Vantaa Remi"]
[BlackTeam "Tampere Tammer II"]
[WhiteTeamCountry "FIN"]
[BlackTeamCountry "FIN"]

1. e4 c5 2. Nc3 a6 3. a4 Nc6 4. f4 e6 5. Nf3 d5 6. e5 d4 7. Ne4 f5 8. Ng3 Nge7 9. Bc4 Nd5 10. Nh5 Nce7 11. 0-0 Bd7 12. Ng5 h6 13. Nxg7+ 1-0

[Event "EU-Cup 28th"]
[Site "Eilat"]
[Date "2012.10.15"]
[Round "5.5"]
[White "Lehtioksa, Jorma"]
[Black "Sagit, Rauan"]
[Result "0-1"]
[WhiteElo "2179"]
[BlackElo "2356"]
[PlyCount "140"]
[EventDate "2012.10.11"]
[EventType "team-swiss"]
[EventRounds "7"]
[EventCountry "ISR"]
[SourceTitle "CBM 151"]
[Source "ChessBase"]
[SourceDate "2012.11.13"]
[SourceVersion "1"]
[SourceVersionDate "2012.11.13"]
[SourceQuality "1"]
[WhiteTeam "Tammer Shakki"]
[BlackTeam "Team Viking"]
[WhiteTeamCountry "FIN"]
[BlackTeamCountry "SWE"]

1. Nf3 Nf6 2. c4 e6 3. Nc3 b6 4. g3 Bb7 5. Bg2 g6 6. d4 Bg7 7. 0-0 0-0 8. b3 d6 9. Bb2 Ne4 10. Nxe4 Bxe4 11. Qd2 a5 12. Rfd1 Nd7 13. Rac1 Qb8 14. a4 Qb7 15. Ne1 Bxg2 16. Nxg2 Rae8 17. Ba3 Ra8 18. Rc2 Rfc8 19. Rdc1 Bf8 20. Ne1 Qe4 21. Qd3 f5 22. f3 Qxd3 23. Nxd3 c5 24. Nf4 Kf7 25. d5 e5 26. Ng2 Nf6 27. Re1 e4 28. Bb2 Re8 29. Bxf6 Kxf6 30. f4 Kf7 31. e3 Be7 32. Kf2 Rg8 33. Rh1 Bf8 34. h3 Be7 35. Rcc1 Rg7 36. h4 h6 37. Rh3 Bf6 38. Rch1 Rh8 39. Ne1 Rgg8 40. Ng2 Ke7 41. Ne1 b5 42. axb5 a4 43. bxa4 Ra8 44. Ng2 Rxa4 45. Rc1 Ra2+ 46. Kg1 Rha8 47. Rh1 Re2 48. Kh2 Raa2 49. Rhg1 Rxe3 50. Rge1 Rf3 51. Rf1 Kd7 52. Kh3 Bd4 53. Rxf3 exf3 54. Ne1 Ra3 55. Rb1 Rb3 56. Rd1 Rc3 57. Nxf3 Rxf3 58. Re1 g5 59. hxg5 hxg5 60. fxg5 Be5 61. Rb1 Rxg3+ 62. Kh4 Rg4+ 63. Kh5 Bf4 64. Kg6 Rxg5+ 65. Kf6 Rh5 66. b6 Kc8 67. Kg6 Rh4 68. Kxf5 Be5 69. b7+ Kb8 70. Ke6 Rxc4 0-1

[Event "EU-Cup 28th"]
[Site "Eilat"]
[Date "2012.10.14"]
[Round "4.6"]
[White "Lehtioksa, Jorma"]
[Black "Khismatullin, Denis Rimovich"]
[Result "0-1"]
[WhiteElo "2179"]
[BlackElo "2638"]
[PlyCount "90"]
[EventDate "2012.10.11"]
[EventType "team-swiss"]
[EventRounds "7"]
[EventCountry "ISR"]
[SourceTitle "CBM 151"]
[Source "ChessBase"]
[SourceDate "2012.11.13"]
[SourceVersion "1"]
[SourceVersionDate "2012.11.13"]
[SourceQuality "1"]
[WhiteTeam "Tammer Shakki"]
[BlackTeam "Tomsk 400"]
[WhiteTeamCountry "FIN"]
[BlackTeamCountry "RUS"]

1. d4 Nf6 2. c4 e6 3. Nc3 Bb4 4. Qc2 c5 5. dxc5 Qc7 6. a3 Bxc5 7. Nf3 a6 8. e3 b6 9. Bd3 Bb7 10. b3 Be7 11. Bb2 d6 12. Ne4 Nbd7 13. 0-0 Rc8 14. Nxf6+ gxf6 15. Qe2 Qc5 16. Nd2 Rg8 17. Be4 Bxe4 18. Nxe4 Qc6 19. f3 h5 20. Rac1 Ne5 21. b4 Nxc4 22. Bxf6 d5 23. Bxe7 Kxe7 24. Nc3 b5 25. Kh1 Qb6 26. Rfe1 Rg6 27. Qd3 Rcg8 28. Re2 h4 29. f4 Rg4 30. Rf1 f5 31. Rd1 Rc8 32. Nxd5+ exd5 33. Qxf5 Qe6 34. Qh7+ Qf7 35. Qb1 Kf8 36. h3 Rg3 37. e4 Ne3 38. Rd3 Qxf4 39. exd5 Nf5 40. Rd1 Rgc3 41. Ree1 Rxh3+ 42. Kg1 Qh2+ 43. Kf2 Rf3+ 44. Kxf3 Qg3+ 45. Ke4 Nd6+ 0-1

[Event "EU-Cup 28th"]
[Site "Eilat"]
[Date "2012.10.13"]
[Round "3.6"]
[White "Khairullin, Ildar"]
[Black "Lehtioksa, Jorma"]
[Result "1-0"]
[WhiteElo "2639"]
[BlackElo "2179"]
[PlyCount "57"]
[EventDate "2012.10.11"]
[EventType "team-swiss"]
[EventRounds "7"]
[EventCountry "ISR"]
[SourceTitle "CBM 151"]
[Source "ChessBase"]
[SourceDate "2012.11.13"]
[SourceVersion "1"]
[SourceVersionDate "2012.11.13"]
[SourceQuality "1"]
[WhiteTeam "St Petersburg CF"]
[BlackTeam "Tammer Shakki"]
[WhiteTeamCountry "RUS"]
[BlackTeamCountry "FIN"]

1. d4 Nf6 2. c4 c5 3. d5 b5 4. cxb5 a6 5. bxa6 g6 6. Nc3 Bxa6 7. e4 Bxf1 8. Kxf1 d6 9. Nf3 Bg7 10. g3 Nbd7 11. Kg2 0-0 12. a4 Qb6 13. Qe2 Qa6 14. Nb5 Rfb8 15. Ra3 Ne8 16. Re1 Qc8 17. Bg5 Kf8 18. Bf4 Ne5 19. Nxe5 dxe5 20. Bd2 Nd6 21. Rc1 Nxb5 22. axb5 e6 23. Bb4 Kg8 24. Rxc5 Qe8 25. d6 Rd8 26. Rxa8 Rxa8 27. Rc7 Rb8 28. d7 Qd8 29. Qc4 1-0

[Event "EU-Cup 28th"]
[Site "Eilat"]
[Date "2012.10.11"]
[Round "1.5"]
[White "Hamiti, Gani"]
[Black "Lehtioksa, Jorma"]
[Result "0-1"]
[WhiteElo "2144"]
[BlackElo "2179"]
[PlyCount "98"]
[EventDate "2012.10.11"]
[EventType "team-swiss"]
[EventRounds "7"]
[EventCountry "ISR"]
[SourceTitle "CBM 151"]
[Source "ChessBase"]
[SourceDate "2012.11.13"]
[SourceVersion "1"]
[SourceVersionDate "2012.11.13"]
[SourceQuality "1"]
[WhiteTeam "Expik"]
[BlackTeam "Tammer Shakki"]
[WhiteTeamCountry "KOS"]
[BlackTeamCountry "FIN"]

1. e4 c5 2. Nf3 e6 3. d4 cxd4 4. Nxd4 Nc6 5. Nc3 Qc7 6. Be3 a6 7. Bd3 b5 8. Nxc6 Qxc6 9. 0-0 Nf6 10. a3 Bb7 11. Bd4 Bc5 12. Bxc5 Qxc5 13. Qe2 d6 14. Kh1 e5 15. Rad1 0-0 16. Nb1 d5 17. f3 Rfe8 18. Nd2 Rac8 19. b4 Qb6 20. Nb3 Rc3 21. Rfe1 dxe4 22. fxe4 Bc8 23. h3 Be6 24. Qd2 Rec8 25. Nc5 Rxa3 26. Ra1 Rxa1 27. Rxa1 Ra8 28. Qg5 Nd7 29. Nxd7 Bxd7 30. Qxe5 Rc8 31. Rf1 Be6 32. Rf3 Qd8 33. Qf4 Qd4 34. Qd2 Rd8 35. Kh2 Qxe4 36. Qg5 Qd5 37. Qh4 g6 38. Qf6 Qd4 39. Qe7 Qd6+ 40. Qxd6 Rxd6 41. Rf4 Kg7 42. Kg3 f5 43. Rf1 Rd4 44. Ra1 Bc8 45. Rb1 Bb7 46. Kf2 Kf6 47. g3 h5 48. Ke3 Ke5 49. c3 Rxd3+ 0-1

[Event "EU-Cup 26th"]
[Site "Plovdiv"]
[Date "2010.10.18"]
[Round "2.6"]
[White "Nalbantoglu, Hasan Hulki"]
[Black "Lehtioksa, Jorma"]
[Result "0-1"]
[WhiteElo "2046"]
[BlackElo "2172"]
[PlyCount "70"]
[EventDate "2010.10.17"]
[EventType "team-swiss"]
[EventRounds "7"]
[EventCountry "BUL"]
[SourceTitle "CBM 139"]
[Source "ChessBase"]
[SourceDate "2010.11.18"]
[SourceVersion "1"]
[SourceVersionDate "2010.11.18"]
[SourceQuality "1"]
[WhiteTeam "Manisa Doruk Koleji"]
[BlackTeam "Tammer Shakki"]
[WhiteTeamCountry "TUR"]
[BlackTeamCountry "FIN"]

1. d4 d5 2. Nf3 Nf6 3. Bf4 e6 4. e3 c5 5. c3 Nc6 6. Nbd2 Bd6 7. Ne5 Qc7 8. Ndf3 Nd7 9. Nd3 b6 10. Be2 0-0 11. 0-0 Bb7 12. b3 e5 13. dxe5 Ncxe5 14. Qc2 Rac8 15. Ndxe5 Nxe5 16. Ng5 g6 17. Rfd1 Rfd8 18. Qb2 Bf8 19. Bg4 Ra8 20. Kh1 Qe7 21. Be2 Bg7 22. Nf3 Ng4 23. Kg1 Nf6 24. Rac1 Ne4 25. Nd2 Nxc3 26. Rxc3 d4 27. Rcc1 dxe3 28. Qc2 Rxd2 29. Rxd2 exd2 30. Qxd2 Rd8 31. Qe3 Qd7 32. Qg3 Qf5 33. h4 Re8 34. Bb5 Re4 35. Rc4 Bd4 0-1

[Event "FIN-SWE m"]
[Site "Mariehamn"]
[Date "2008.09.13"]
[Round "1"]
[White "Lehtioksa, Jorma"]
[Black "Hultin, Per"]
[Result "1/2-1/2"]
[WhiteElo "2164"]
[BlackElo "2122"]
[PlyCount "78"]
[EventDate "2008.09.13"]
[EventType "team"]
[EventRounds "1"]
[EventCountry "FIN"]
[SourceTitle "CBM 126 Extra"]
[Source "ChessBase"]
[SourceDate "2008.11.05"]
[SourceVersion "1"]
[SourceVersionDate "2008.11.05"]
[SourceQuality "1"]

1. e4 c5 2. Nf3 Nc6 3. d4 cxd4 4. Nxd4 Nf6 5. Nc3 e5 6. Ndb5 d6 7. Bg5 a6 8. Na3 b5 9. Nd5 Be7 10. Bxf6 Bxf6 11. c3 Bg5 12. Nc2 0-0 13. a4 bxa4 14. Rxa4 a5 15. Bc4 Rb8 16. Ra2 Kh8 17. 0-0 f5 18. exf5 Bxf5 19. Nce3 Bg6 20. Qa4 Qc8 21. Bb5 Be8 22. Qc4 Bxe3 23. fxe3 Rxf1+ 24. Qxf1 Bd7 25. Bxc6 Qxc6 26. Rxa5 Be6 27. e4 Bxd5 28. Rxd5 Qb6+ 29. Qf2 Qxf2+ 30. Kxf2 Rxb2+ 31. Kf3 Rb6 32. c4 g6 33. c5 dxc5 34. Rxc5 Re6 35. Rc7 Kg8 36. g3 h6 37. Kg4 Rb6 38. Rc5 Re6 39. Rc7 Rb6 1/2-1/2

[Event "FIN-chT 0506"]
[Site "Finland"]
[Date "2006.03.12"]
[Round "9.2"]
[White "Lehtioksa, Jorma"]
[Black "Ivanov, Sergei S"]
[Result "1/2-1/2"]
[WhiteElo "2174"]
[BlackElo "2354"]
[PlyCount "61"]
[EventDate "2005.09.10"]
[EventType "team-tourn"]
[EventRounds "9"]
[EventCountry "FIN"]
[SourceTitle "EXT 2022"]
[Source "ChessBase"]
[SourceDate "2021.10.06"]
[SourceVersion "1"]
[SourceVersionDate "2021.10.06"]
[SourceQuality "1"]
[WhiteTeam "Tampere Tammer"]
[BlackTeam "Joensuu SK"]
[WhiteTeamCountry "FIN"]
[BlackTeamCountry "FIN"]

1. c4 c5 2. Nf3 Nf6 3. g3 b6 4. Bg2 Bb7 5. 0-0 e6 6. Nc3 a6 7. b3 Qc7 8. Bb2 Be7 9. Rc1 0-0 10. e3 d6 11. d4 Nbd7 12. Qd2 Ne4 13. Nxe4 Bxe4 14. Rfd1 Qb7 15. Ne1 Bxg2 16. Nxg2 Nf6 17. d5 e5 18. f4 exf4 19. exf4 Ne4 20. Qd3 Bf6 21. Qxe4 Bxb2 22. Rc2 Rfe8 23. Qd3 Bd4+ 24. Kf1 Qd7 25. f5 g6 26. Re1 Rxe1+ 27. Nxe1 Re8 28. Re2 Rxe2 29. Kxe2 gxf5 30. Nf3 Qe7+ 31. Kf1 1/2-1/2

[Event "FIN-chT 0405"]
[Site "Finland"]
[Date "2005.03.12"]
[Round "8.6"]
[White "Ristoja, Thomas W"]
[Black "Lehtioksa, Jorma"]
[Result "1/2-1/2"]
[WhiteElo "2230"]
[BlackElo "2158"]
[PlyCount "26"]
[EventDate "2004.09.18"]
[EventType "team-tourn"]
[EventRounds "9"]
[EventCountry "FIN"]
[SourceTitle "EXT 2022"]
[Source "ChessBase"]
[SourceDate "2021.10.06"]
[SourceVersion "1"]
[SourceVersionDate "2021.10.06"]
[SourceQuality "1"]
[WhiteTeam "Helsinki Gaia"]
[BlackTeam "Tampere Taraus"]
[WhiteTeamCountry "FIN"]
[BlackTeamCountry "FIN"]

1. e4 c5 2. Nf3 d6 3. d4 cxd4 4. Nxd4 Nf6 5. Nc3 Nc6 6. Be2 Nxd4 7. Qxd4 g6 8. Bg5 Bg7 9. 0-0 0-0 10. Qd2 Bd7 11. Rad1 Bc6 12. Bf3 Re8 13. Rfe1 Qb6 1/2-1/2

[Event "FIN-chT 0304"]
[Site "Finland"]
[Date "2003.11.15"]
[Round "4.7"]
[White "Pitkanen, Sami Pekka"]
[Black "Lehtioksa, Jorma"]
[Result "1-0"]
[WhiteElo "2194"]
[BlackElo "2170"]
[PlyCount "90"]
[EventDate "2003.09.06"]
[EventType "team-tourn"]
[EventRounds "9"]
[EventCountry "FIN"]
[SourceTitle "EXT 2022"]
[Source "ChessBase"]
[SourceDate "2021.10.06"]
[SourceVersion "1"]
[SourceVersionDate "2021.10.06"]
[SourceQuality "1"]
[WhiteTeam "Helsinki Gaia"]
[BlackTeam "Tampere Taraus"]
[WhiteTeamCountry "FIN"]
[BlackTeamCountry "FIN"]

1. e4 c5 2. Nc3 d6 3. f4 g6 4. Nf3 Bg7 5. Bb5+ Bd7 6. 0-0 Nc6 7. Bxc6 Bxc6 8. d3 Nf6 9. Qe1 Qd7 10. e5 Nd5 11. Ng5 Nxc3 12. e6 fxe6 13. bxc3 Bf6 14. Nxe6 Bd5 15. Ng5 h6 16. Ne4 0-0-0 17. Rb1 Qa4 18. c4 Qxc2 19. Rb3 Bd4+ 20. Be3 Qxa2 21. Bxd4 cxd4 22. Rb1 Bc6 23. Ra1 Qb3 24. Qe2 d5 25. Nc5 Qb6 26. cxd5 Rxd5 27. Ne6 Rb5 28. Rac1 Kb8 29. Rc2 Rc8 30. Rfc1 a6 31. Nc5 Rb1 32. h3 Rxc1+ 33. Rxc1 Ka7 34. Qxe7 Bxg2 35. Kxg2 Qb2+ 36. Kg3 Qb6 37. Nd7 Qd8 38. Qxd8 Rxd8 39. Ne5 Rd6 40. Kf3 a5 41. Ke4 Ka6 42. Rc8 a4 43. Nc4 Rd7 44. Ra8+ Kb5 45. Ra5+ Kb4 1-0

[Event "FIN-chT 0102"]
[Site "Finland"]
[Date "2002.03.16"]
[Round "8.3"]
[White "Puranen, Jukka"]
[Black "Lehtioksa, Jorma"]
[Result "1-0"]
[WhiteElo "2316"]
[BlackElo "2173"]
[PlyCount "89"]
[EventDate "2001.09.21"]
[EventType "team-tourn"]
[EventRounds "9"]
[EventCountry "FIN"]
[SourceTitle "EXT 2022"]
[Source "ChessBase"]
[SourceDate "2021.10.06"]
[SourceVersion "1"]
[SourceVersionDate "2021.10.06"]
[SourceQuality "1"]
[WhiteTeam "Vantaa EtVaS"]
[BlackTeam "Tampere MoroChess"]
[WhiteTeamCountry "FIN"]
[BlackTeamCountry "FIN"]

1. d4 Nf6 2. Bg5 Ne4 3. Bf4 d5 4. f3 Nf6 5. Nc3 c5 6. e4 e6 7. Nb5 Na6 8. e5 Nd7 9. c4 cxd4 10. cxd5 Bb4+ 11. Bd2 0-0 12. dxe6 fxe6 13. a3 Bc5 14. b4 Bb6 15. f4 Nxe5 16. Qh5 Ng6 17. Nf3 Nxf4 18. Bxf4 Rxf4 19. Bd3 h6 20. Qg6 Rf5 21. 0-0 Nc7 22. Nxc7 Bxc7 23. Bxf5 exf5 24. Rfe1 Bd7 25. Rad1 Ba4 26. Rd2 Qf8 27. Kh1 Rd8 28. Rxd4 Bc6 29. Rxd8 Bxd8 30. Nd4 Bd7 31. Rf1 Qf6 32. Qxf6 Bxf6 33. Nxf5 Bb2 34. Ne7+ Kh7 35. Rf3 Bf6 36. Nd5 Bb2 37. Rb3 Bc1 38. Rc3 Bb2 39. Rb3 Bc1 40. Rg3 Bc6 41. Nc7 Bd7 42. Rd3 Ba4 43. Ne6 Bb2 44. Nc5 Be8 45. Nxb7 1-0

[Event "FIN-chT 0102"]
[Site "Finland"]
[Date "2001.11.18"]
[Round "5.3"]
[White "Lehtioksa, Jorma"]
[Black "Tolonen, Leo Toivovich"]
[Result "1/2-1/2"]
[WhiteElo "2173"]
[BlackElo "2330"]
[PlyCount "93"]
[EventDate "2001.09.21"]
[EventType "team-tourn"]
[EventRounds "9"]
[EventCountry "FIN"]
[SourceTitle "EXT 2022"]
[Source "ChessBase"]
[SourceDate "2021.10.06"]
[SourceVersion "1"]
[SourceVersionDate "2021.10.06"]
[SourceQuality "1"]
[WhiteTeam "Tampere MoroChess"]
[BlackTeam "Jyvaskyla JyS"]
[WhiteTeamCountry "FIN"]
[BlackTeamCountry "FIN"]

1. d4 Nf6 2. c4 e6 3. Nc3 Bb4 4. f3 c5 5. d5 0-0 6. e4 exd5 7. cxd5 Re8 8. Nh3 d6 9. Nf2 a6 10. Be2 Nbd7 11. 0-0 b5 12. a4 Rb8 13. axb5 Bxc3 14. bxc3 axb5 15. Bf4 Ne5 16. g4 Bd7 17. Bg3 h6 18. f4 Ng6 19. Bf3 Qb6 20. h4 c4 21. Kh2 b4 22. g5 hxg5 23. hxg5 Nh7 24. cxb4 c3 25. Qc1 Qxb4 26. Qe3 Qc4 27. Be2 Qxd5 28. Qxc3 Qc6 29. Qd4 Nhf8 30. Rfc1 Qb6 31. Qxb6 Rxb6 32. Rab1 Rxb1 33. Rxb1 Rc8 34. Rb2 Ba4 35. Rd2 Rc6 36. Ng4 Nd7 37. Bf3 Rc2 38. Rxc2 Bxc2 39. Kg2 Nc5 40. f5 Ne5 41. Nxe5 dxe5 42. Bxe5 Bxe4 43. Bd4 Nb3 44. Bxe4 Nxd4 45. Kf2 Kf8 46. Ke3 Nb5 47. f6 1/2-1/2